[Event "Sochi Lobanov Memorial"]
[Site "Sochi"]
[Date "2021.06.21"]
[Round "7"]
[White "Zhugin, Nikolay"]
[Black "Miljakin, Vasily"]
[Result "1-0"]
[WhiteElo "1897"]
[BlackElo "2215"]
[PlyCount "83"]
[EventDate "2021.06.15"]
[EventType "swiss"]
[EventRounds "9"]
[EventCountry "RUS"]
[SourceTitle "CBM 203 Extra"]
[Source "ChessBase"]
[SourceDate "2021.09.30"]
[SourceVersion "1"]
[SourceVersionDate "2021.09.30"]
[SourceQuality "1"]

1. c4 Nf6 2. Nc3 d5 3. d4 g6 4. cxd5 Nxd5 5. e4 Nxc3 6. bxc3 Bg7 7. Nf3 c5 8. Be2 0-0 9. 0-0 Nc6 10. Be3 Qc7 11. Rc1 b6 12. Qd2 e5 13. dxc5 Rd8 14. Qc2 bxc5 15. Bxc5 Na5 16. Bb4 Nc4 17. Rfd1 Bg4 18. Qb3 Rdc8 19. Bxc4 Qxc4 20. Rd8+ Rxd8 21. Qxc4 Be6 22. Qe2 a5 23. Ba3 Rac8 24. c4 Bh6 25. Rd1 Rxd1+ 26. Qxd1 Bxc4 27. Nxe5 Bxa2 28. Ng4 Bg7 29. e5 Rb8 30. Nf6+ Kh8 31. h3 Rb1 32. Bc1 Bf8 33. Qc2 Kg7 34. Qxa2 Rxc1+ 35. Kh2 Bb4 36. Nd5 Rc6 37. Nxb4 axb4 38. Qb2 Rb6 39. e6+ f6 40. Qb3 Rb7 41. Qd5 Rb8 42. Qd7+ 1-0

[Event "Sochi Lobanov Memorial"]
[Site "Sochi"]
[Date "2021.06.18"]
[Round "4"]
[White "Miljakin, Vasily"]
[Black "Volchkova, Alena"]
[Result "1/2-1/2"]
[WhiteElo "2215"]
[BlackElo "1688"]
[PlyCount "81"]
[EventDate "2021.06.15"]
[EventType "swiss"]
[EventRounds "9"]
[EventCountry "RUS"]
[SourceTitle "CBM 203 Extra"]
[Source "ChessBase"]
[SourceDate "2021.09.30"]
[SourceVersion "1"]
[SourceVersionDate "2021.09.30"]
[SourceQuality "1"]

1. d4 Nf6 2. c4 g6 3. Nc3 d5 4. Nf3 Bg7 5. Qb3 c6 6. cxd5 Nxd5 7. e4 Nxc3 8. bxc3 0-0 9. Be2 Qc7 10. 0-0 Be6 11. Qa3 c5 12. d5 Bg4 13. Be3 Nd7 14. Rad1 b6 15. h3 Bxf3 16. Bxf3 Qe5 17. c4 Nf6 18. Qd3 Ne8 19. Rc1 Nd6 20. Rfe1 h5 21. g3 Rac8 22. Bf4 Qd4 23. Qe2 b5 24. cxb5 c4 25. a4 c3 26. e5 Nf5 27. Qc2 h4 28. Red1 Qc5 29. g4 Nd4 30. Qe4 Nxf3+ 31. Qxf3 Qb4 32. Rc2 Rc4 33. Bh2 Qxa4 34. Qe2 Re4 35. Qd3 Bxe5 36. Bxe5 Rxe5 37. Rxc3 Rd8 38. Ra3 Qf4 39. Qd2 Qc4 40. Qd3 Qf4 41. Qd2 1/2-1/2

[Event "Pardubice Czech op-A 23rd"]
[Site "Pardubice"]
[Date "2012.07.23"]
[Round "4"]
[White "Belyakov, Bogdan"]
[Black "Miljakin, Vasily"]
[Result "1-0"]
[WhiteElo "2375"]
[BlackElo "2222"]
[PlyCount "57"]
[EventDate "2012.07.12"]
[EventType "swiss"]
[EventRounds "9"]
[EventCountry "CZE"]
[SourceTitle "CBM 149 Extra"]
[Source "ChessBase"]
[SourceDate "2012.08.24"]
[SourceVersion "1"]
[SourceVersionDate "2012.08.24"]
[SourceQuality "1"]

1. e4 c5 2. Nf3 d6 3. d4 cxd4 4. Qxd4 Nc6 5. Bb5 Bd7 6. Bxc6 Bxc6 7. Nc3 Nf6 8. Bg5 e5 9. Qd3 Qa5 10. Bxf6 gxf6 11. 0-0-0 0-0-0 12. Nh4 Kb8 13. Kb1 d5 14. exd5 Bb4 15. Qf3 Bd7 16. Ne4 Bb5 17. a3 Bc4 18. b3 Bxd5 19. axb4 Qxb4 20. Rhe1 Bc6 21. Qxf6 Kc7 22. Qxe5+ Kb6 23. Nd6 Rhe8 24. Nc4+ Ka6 25. Qa1+ Kb5 26. Re5+ Bd5 27. Rexd5+ Rxd5 28. Rxd5+ Kc6 29. Rd1 1-0

[Event "Pardubice Czech op-A 23rd"]
[Site "Pardubice"]
[Date "2012.07.22"]
[Round "3"]
[White "Miljakin, Vasily"]
[Black "Balin, Jan"]
[Result "1-0"]
[WhiteElo "2222"]
[BlackElo "2340"]
[PlyCount "46"]
[EventDate "2012.07.12"]
[EventType "swiss"]
[EventRounds "9"]
[EventCountry "CZE"]
[SourceTitle "CBM 149 Extra"]
[Source "ChessBase"]
[SourceDate "2012.08.24"]
[SourceVersion "1"]
[SourceVersionDate "2012.08.24"]
[SourceQuality "1"]

1. d4 c5 2. d5 e5 3. c4 d6 4. e4 Be7 5. Nf3 Bg4 6. Nbd2 Nd7 7. h3 Bxf3 8. Nxf3 h6 9. h4 Ngf6 10. Qe2 a6 11. g3 b5 12. Nd2 Qa5 13. cxb5 c4 14. Qxc4 0-0 15. b4 Qb6 16. Nb3 Rfc8 17. Qe2 Qc7 18. bxa6 Qc3+ 19. Bd2 Qb2 20. Bh3 Rc2 21. 0-0 Bd8 22. Qd3 Rac8 23. Rfc1 Bb6 1-0